A history of modern property (Record no. 79448)

MARC details
000 -LEADER
fixed length control field 00700cab a22002055a 4500
001 - CONTROL NUMBER
control field L141307
008 - FIXED-LENGTH DATA ELEMENTS--GENERAL INFORMATION
fixed length control field 071115e20071102xxka f 000 0 eng d
035 ## - SYSTEM CONTROL NUMBER
System control number (Sirsi) u141307
041 0# - LANGUAGE CODE
Language code of text/sound track or separate title eng
100 1# - MAIN ENTRY--PERSONAL NAME
Personal name Eade, Christine
245 02 - TITLE STATEMENT
Title A history of modern property
Remainder of title part 7 - 1992-2001 turmoil, triumph and tragedy
260 ## - PUBLICATION, DISTRIBUTION, ETC.
Date of publication, distribution, etc. 2007
490 #0 - SERIES STATEMENT
Series statement Property Week
Volume/sequential designation 72(44) 2 November 2007, 39-46(8)
520 ## - SUMMARY, ETC.
Summary, etc. Assesses the impact of shopping centres. Explores how the quoted sector rebuilt their city reputation.
651 #4 - SUBJECT ADDED ENTRY--GEOGRAPHIC NAME
Geographic name United Kingdom
Chronological subdivision
690 ## - LOCAL SUBJECT ADDED ENTRY--TOPICAL TERM (OCLC, RLIN)
Topical term or geographic name as entry element PROPERTY-COMMERCIAL PROPERTY-RETAIL PROPERTY-SHOPPING CENTRES
700 1# - ADDED ENTRY--PERSONAL NAME
Personal name Whitmore, James
700 1# - ADDED ENTRY--PERSONAL NAME
Personal name Gibbon, Tony
942 ## - ADDED ENTRY ELEMENTS (KOHA)
Suppress in OPAC 0
Holdings
Withdrawn status Lost status Source of classification or shelving scheme Damaged status Not for loan Home library Current library Shelving location Date acquired Total Checkouts Full call number Barcode Date last seen Copy number Price effective from Koha item type
    Dewey Decimal Classification     London London Journal article 15/11/2007   L141307 141307-1001 06/08/2019 1 06/08/2019 Journal article